Jüdische Identität bei Heinrich Graetz / (Titelsatznr. 37852)
[ MARC ]
| 000 -Satzkennung | |
|---|---|
| Kontrollfeld mit fester Länge | 00812nam a22002651c 4500 |
| 001 - Kontrollnummer | |
| Kontrollfeld | ht014851122 |
| 008 - Feld mit fester Länge zur physischen Beschreibung - Allgemeine Angaben | |
| Kontrollfeld mit fester Länge | 090909s2009 gw |||| 000u ger d |
| 020 ## - Internationale Standardbuchnummer | |
| Internationale Standardbuchnummer | 9783525569 |
| Verknüpfung | 978-3-525-569 |
| 041 ## - Sprachcode | |
| Sprachcode des Textes/der Tonspur oder des separaten Titels | ger |
| 040 ## - Katalogisierungsquelle | |
| Übertragungsstelle | RU-10907106 |
| 003 - Kontrollnummer Identifier | |
| Kontrollfeld | RU-10907106 |
| 100 1# - Haupteintragung - Personenname | |
| Personenname | Pyka, Marcus |
| 245 00 - Titel | |
| Titel | Jüdische Identität bei Heinrich Graetz / |
| Verfasserangabe etc. | Marcus Pyka |
| 264 ## - Produktion, Veröffentlichung, Distribution, Herstellung und Urheberrechtsvermerk | |
| Herstellungs-, Veröffentlichungs- Vertriebs-, Erzeugungsort | Göttingen : |
| Produzent, Herausgeber, Distributor, Hersteller | Vandenhoeck & Ruprecht, |
| Datum der Herstellung, der Veröffentlichung, des Vertriebs oder des Urheberschutzvermerks | 2009 |
| 300 ## - Physische Beschreibung | |
| Umfang | 333 S. |
| 490 #0 - Gesamttitelangabe | |
| Gesamttitelangabe | Jüdische Religion, Geschichte und Kultur |
| Bandnummer/Folgebezeichnung | 5 |
| 502 ## - Dissertationsvermerk | |
| Dissertationsvermerk | Zugl.: München, Univ., Diss., 2005 |
| 650 #0 - Nebeneintragung unter einem Schlagwort - Sachschlagwort | |
| Sachschlagwort oder geografischer Name als Eintragungselement | Juden |
| 650 #0 - Nebeneintragung unter einem Schlagwort - Sachschlagwort | |
| Sachschlagwort oder geografischer Name als Eintragungselement | Jüdische Religion |
| 650 #0 - Nebeneintragung unter einem Schlagwort - Sachschlagwort | |
| Sachschlagwort oder geografischer Name als Eintragungselement | Emanzipation |
| 650 #0 - Nebeneintragung unter einem Schlagwort - Sachschlagwort | |
| Sachschlagwort oder geografischer Name als Eintragungselement | Geschichtswissenschaft |
| 655 #0 - Indexierungsterm - Genre/Form | |
| Genre/Form oder fokussierter Term | Hochschulschrift |
| 856 4# - Elektronische Adresse und Zugriff | |
| URL | <a href="http://nbn-resolving.de/urn/resolver.pl?urn=urn:nbn:de:bvb:12-bsb00083875-3">http://nbn-resolving.de/urn/resolver.pl?urn=urn:nbn:de:bvb:12-bsb00083875-3</a> |
| 942 ## - Zusätzliche Felder (Koha) | |
| Koha-Medientyp | Monographien |
| Ausgeschieden | Verloren | Klassifikation oder Aufstellungssystematik | Beschädigt | Nicht entleihbar | Heimatbibliothek | Aufenthaltsbibliothek | Aufstellungsort | Erwerbungsdatum | Inventarnummer | Signatur | Barcode | Letzte Aktivität | Preis gültig von | Koha-Medientyp |
|---|---|---|---|---|---|---|---|---|---|---|---|---|---|---|
| Andere/Generische Klassifikation | MWN Osteuropa | MWN Osteuropa | Lesesaal | 09/09/2009 | 10-00724 | G 40 aD +Grae | E004015078F6C14F | 22/02/2021 | 22/03/2021 | Monographien |